书目信息 |
| 题名: |
第四次革命:看神经科技如何改变我们的未来
|
|
| 作者: | 林奇 ;王惠 , 暴永宁 译 | |
| 分册: | ||
| 出版信息: | 北京 科学出版社 2011 |
|
| 页数: | 284 | |
| 开本: | 23cm | |
| 丛书名: | ||
| 单 册: | ||
| 中图分类: | Q189 | |
| 科图分类: | ||
| 主题词: | 寄生物--生物学 | |
| 电子资源: | ||
| ISBN: | 978-7-03-031256-3 | |
| 000 | 00702nam0 2200205 450 | |
| 001 | 1735846483 | |
| 005 | 20170410095726.48 | |
| 010 | @a978-7-03-031256-3 | |
| 100 | @a20170410d km y0chiy0120 ea | |
| 101 | 0 | @achi |
| 200 | 1 | @a第四次革命:看神经科技如何改变我们的未来@Adi si ci ge ming:kan shen jing ke ji ru he gai bian wo men de wei lai@f(美)林奇@F(mei)lin qi@g暴永宁,王惠译@Gbao yong ning,wang hui yi |
| 210 | @a北京@c科学出版社@d2011 | |
| 215 | @a284@d23cm | |
| 606 | 0 | @a寄生物@x生物学 |
| 690 | @aQ189@v4 | |
| 701 | 0 | @a林奇@Alin qi |
| 702 | 0 | @a王惠@Awang hui@4译 |
| 702 | 0 | @a暴永宁@Abao yong ning@4译 |
| 801 | 0 | @aCN@b大连网信软件有限公司图书馆·11@c20170410 |
| 905 | @b6604022@dQ189@en5@f1 | |
| 第四次革命:看神经科技如何改变我们的未来/(美)林奇/暴永宁,王惠译.-北京:科学出版社,2011 |
| 284;23cm |
| ISBN 978-7-03-031256-3: |
| ● |
| 相关链接 |
|
|
|
|
正题名:第四次革命:看神经科技如何改变我们的未来
索取号:Q189/n5
 
预约/预借
| 序号 | 登录号 | 条形码 | 馆藏地/架位号 | 状态 | 备注 |
| 1 | 6604022 | 266040223 | 密集书库-生命科学系/ [索取号:Q189/n5] | 在馆 |